| 000 | 01092cam a2200337 a 4500 | ||
|---|---|---|---|
| 001 | 2419 | ||
| 003 | FISKH | ||
| 005 | 20240916112117.0 | ||
| 008 | 041119s2005 nyu c 000 1 eng | ||
| 010 | _a 2004027735 | ||
| 020 | _a0399244549 (alk. paper) | ||
| 020 | _a9780439899673 | ||
| 040 |
_aDLC _cDLC _dDLC _beng |
||
| 042 | _alcac | ||
| 050 | 0 | 0 |
_aPZ7.F598284 _bRu 2005 |
| 082 | 0 | 0 |
_a[Fic] _222 |
| 100 | 1 |
_aFlanagan, John _q(John Anthony) |
|
| 245 | 1 | 4 |
_aThe ruins of Gorlan / _cJohn Flanagan. |
| 250 | _aFirst Scholastic printing, October 2006 | ||
| 260 |
_aNew York : _bScholastic, _c2005. |
||
| 300 |
_a249 pages ; _c20 cm |
||
| 490 | 1 |
_aRanger's apprentice ; _vbook 1 |
|
| 505 | _aZ' | ||
| 520 | _aWhen fifteen-year-old Will is rejected by battleschool, he becomes the reluctant apprentice to the mysterious Ranger Halt, and winds up protecting the kingdom from danger. | ||
| 521 | 8 |
_a920
_bLexile |
|
| 521 | 8 |
_aZ'
_bRaz-Plus |
|
| 650 | 1 |
_aHeroes _vFiction. |
|
| 650 | 1 | _aFantasy. | |
| 906 |
_a7 _bcbc _corignew _d1 _eecip _f20 _gy-gencatlg |
||
| 942 |
_2ddc _cBK _n0 |
||
| 999 |
_c2419 _d2419 |
||